| 000 | 00471nam a2200181Ia 4500 | ||
|---|---|---|---|
| 003 | GCL | ||
| 008 | 140319s9999 xx 000 0 eng d | ||
| 040 |
_aGCL / _cGCL |
||
| 082 | 0 | 4 |
_a720.95 _bL C |
| 100 | 1 | _aLIU, LAURENCE G. | |
| 245 | 1 | 0 |
_aCHINESE ARCHITECTURE / _cLIU, LAURENCE G. |
| 260 |
_a[S.N] : _bACADEMY EDITIONS ، _c1989 |
||
| 300 | _a297 P | ||
| 650 | 0 | 4 | _aARCHITECTURE |
| 650 | 0 | 4 | _aMYTHOLOGY - CHINA |
| 650 | 0 | 4 | _aARCHITECTURE, CHINESE |
| 942 |
_2ddc _cBK |
||
| 999 |
_c11036 _d11036 |
||